| 000 | 00631nam a22001697a 4500 | ||
|---|---|---|---|
| 082 | _a004 | ||
| 100 | _aMustafa, Fouad | ||
| 245 |
_aPreposition Sense Disambiguation & Conversion of Romanizes Urdu Text to Speech for Expert Systems Based Machine Translation from English to Urdu / _cFouad Mustafa |
||
| 260 |
_aIslamabad : _bSEECS - NUST, _c2004. |
||
| 300 |
_a134 p. ; _c30cm. |
||
| 563 | _ahbk | ||
| 650 | _aInformation Technology-Project Report | ||
| 700 |
_aShahzad Khan _931095 |
||
| 856 | _uhttp://10.250.8.41:8080/xmlui/handle/123456789/3879 | ||
| 942 |
_2ddc _cPR |
||
| 999 |
_c536152 _d536152 |
||